000 00287nam a22001217a 4500
008 171023b xxu||||| |||| 00| 0 eng d
041 _aeng
080 _a338
100 _a54
101 _aMEN
245 _aTHE ORGANIZATION TRAP AND HOW TO GET OUT OF IT
_cCULBERT,S.A
942 _2udc
_cBK
999 _c35434
_d35434